000 00641nam a22002417a 4500
003 UA-OsUOA
001 20483
007 ta
008 20031031b un ||||| |||| 00| 0 ukr d
100 _aТрешников А.Ф.
090 _a910.4(40+57;9)
_bТ66
942 _cBK
040 _aUA-OsUOA
_brus
_cUA-OsUOA
_dUA-OsUOA
245 _aГод на льдине
_bИз дневника полярника
300 _a95 с.
_bІлюстрації
955 _a0
041 _arus
080 _a910.4(40+57;9)
260 _aМосква
_bМорской транспорт
_c1956
044 _aRU
650 7 _2UDC
999 _c306661
_d306661